000 01117nam a2200253 a 4500
001 000015487
005 20200929164044.0
008 100210s1972 mx a r 000 0 spa d
041 1 7 _aspa
_heng
_2Código de idioma MARC
082 _ann*
_bR382
240 1 0 _aSoil, plant, water relationships.
_lEspañol
245 0 0 _aRelación entre suelo, planta, agua /
_cServicio de Conservación de Suelos, Departamento de Agricultura de los Estados Unidos ; traductor Emilio Ávila de la Torre.
260 _aMéxico, D. F. :
_bDiana,
_c1972.
300 _a99 p. :
_bil. ;
_c23 cm.
440 0 _aManual de Ingeniería de Suelos
_pSección 15: Riego
_934980
490 1 _aIngeniería de Suelos,
_v1
534 _aTítulo original :
_lSoil, plant, water relationships.
700 1 _aÁvila de la Torre, Emilio,
_etr.
_934981
710 1 _aServicio de Conservación de Suelos, Departamento de Agricultura de los Estados Unidos.
_934982
710 1 _aCentro Regional de Ayuda Técnica, Agencia para el Desarrollo Internacional (AID).
_934983
830 0 _aIngeniería de Suelos,
_v1
_934984
049 _aBNGR
999 _c15043
_d15043
040 _aDO-SdBNP